GRAND CHELEM (depuis 2021) - Statistiques

Statistiques générales
  • Ce quiz a été pris 17 fois
  • Le résultat moyen est 5 sur 5
Statistiques - réponses
Année Open d'Australie Rolang-Garros Wimblendon US Open % Correct
2024 Sinner Alcaraz Alcaraz Sinner
100%
2025 Sinner Alcaraz Sinner Alcaraz
100%
2021 Djokovic Djokovic Djokovic Medvedev
94%
2023 Djokovic Djokovic Alcaraz Djokovic
94%
2022 Nadal Nadal Djokovic Alcaraz
82%
Aucun quiz correspondant
Distribution des résultats
% des personnes avec chaque résultat
Percentile par nombre de réponses
Votre historique - résultats
Vous n’avez pas pris ce quiz